[Event "Fide Mercenarios 56th"]
[Site "Mexico City"]
[Date "2001.??.??"]
[Round "3"]
[White "Bernal Ladron De Guevara, Carlos"]
[Black "Mejia, Juan Gonzalo"]
[Result "1-0"]
[WhiteElo "2250"]
[BlackElo "2000"]
[PlyCount "87"]
[EventDate "2001.??.??"]
[EventType "swiss"]
[EventRounds "5"]
[EventCountry "MEX"]
[SourceTitle "EXT 2003"]
[Source "ChessBase"]
[SourceDate "2002.11.25"]
[SourceVersion "1"]
[SourceVersionDate "2002.11.25"]
[SourceQuality "1"]

1. e4 c5 2. c3 d5 3. exd5 Qxd5 4. d4 Nc6 5. Nf3 Bg4 6. Be2 g5 7. c4 Qd6 8. dxc5 Qxc5 9. Be3 Qb4+ 10. Nbd2 Bg7 11. 0-0 Nh6 12. a3 Qxb2 13. Qa4 0-0 14. Rab1 Qf6 15. Rxb7 Bxf3 16. Bxf3 Nd4 17. Rxa7 Rxa7 18. Qxa7 Nxf3+ 19. Nxf3 Ng4 20. Bxg5 Qc3 21. h3 Ne5 22. Nxe5 Bxe5 23. Qxe7 Rc8 24. Rc1 Qb2 25. Qb4 Qd4 26. c5 Qd5 27. Qc4 Qc6 28. a4 Rb8 29. Bf4 Bxf4 30. Qxf4 Rb2 31. Qd4 Ra2 32. Rb1 Qe8 33. Qd6 Kg7 34. Qd4+ Kh6 35. Qe3+ Qxe3 36. fxe3 Rxa4 37. Rc1 Ra8 38. Kf2 Kg5 39. Ke2 Kf5 40. Kd3 Ke5 41. Kc4 Rb8 42. Ra1 Ke4 43. Ra7 f5 44. Re7# 1-0

[Event "Fide Mercenarios 6th"]
[Site "Mexico City"]
[Date "1995.??.??"]
[Round "9"]
[White "Araiza Nieto, Edgar"]
[Black "Bernal Ladron De Guevara, Carlos"]
[Result "1/2-1/2"]
[WhiteElo "2075"]
[BlackElo "2000"]
[PlyCount "135"]
[EventDate "1995.??.??"]
[EventType "tourn"]
[EventRounds "11"]
[EventCountry "MEX"]
[SourceTitle "EXT 2000"]
[Source "ChessBase"]
[SourceDate "1999.11.16"]
[SourceVersion "1"]
[SourceVersionDate "1999.11.16"]
[SourceQuality "1"]

1. e4 c5 2. Nf3 Nc6 3. Bb5 d6 4. 0-0 Bd7 5. Re1 Nf6 6. d4 cxd4 7. Bxc6 Bxc6 8. Qxd4 g6 9. e5 dxe5 10. Qxe5 Bg7 11. Bh6 Bxh6 12. Qxf6 0-0 13. Qxe7 Qb6 14. Nbd2 Qxb2 15. Ne4 Bg7 16. Rab1 Qxc2 17. Nf6+ Bxf6 18. Qxf6 Qxa2 19. Ra1 Qd5 20. Re5 Qd8 21. Re7 Bxf3 22. gxf3 a5 23. h4 Ra6 24. Qe5 a4 25. f4 b5 26. h5 gxh5 27. f5 Qd6 28. Qxb5 Qxe7 29. Qxa6 Qg5+ 30. Kf1 Qxf5 31. Qxa4 Qh3+ 32. Ke2 Qg4+ 33. Kf1 Rd8 34. Qxg4+ hxg4 35. f3 gxf3 36. Ra3 Kg7 37. Kf2 Rd6 38. Kxf3 Kg6 39. Kg3 Kg5 40. Ra7 Rd3+ 41. Kg2 Kg6 42. Ra8 f5 43. Rg8+ Kh5 44. Kf2 Kh4 45. Rb8 h5 46. Rg8 Rd6 47. Rf8 Kg4 48. Rg8+ Kf4 49. Rh8 Rd2+ 50. Kg1 h4 51. Ra8 h3 52. Ra4+ Kg3 53. Ra3+ Kg4 54. Ra4+ f4 55. Ra8 Kg3 56. Rg8+ Kf3 57. Rh8 Rg2+ 58. Kh1 Rg3 59. Ra8 Rg5 60. Ra3+ Kg4 61. Rxh3 f3 62. Rh8 Kf4 63. Ra8 f2 64. Ra4+ Kg3 65. Ra3+ Kh4 66. Ra4+ Kg3 67. Ra3+ Kh4 68. Ra4+ 1/2-1/2